Đời sống trong Tử Cấm Thành

Gorde:
Xehetasun bibliografikoak
Egile nagusia: Tôn Thất Bình
Formatua: Liburua
Hizkuntza:Undetermined
Argitaratua: Đà Nẵng Nxb. Đà Nẵng 1996
Gaiak:
Etiketak: Etiketa erantsi
Etiketarik gabe, Izan zaitez lehena erregistro honi etiketa jartzen!
Thư viện lưu trữ: Trung tâm Học liệu Trường Đại học Cần Thơ
LEADER 00510nam a2200169Ia 4500
001 CTU_36294
008 210402s9999 xx 000 0 und d
082 |a 959.703 
082 |b B312/1996 
100 |a Tôn Thất Bình 
245 0 |a Đời sống trong Tử Cấm Thành 
245 0 |c Tôn Thất Bình 
260 |a Đà Nẵng 
260 |b Nxb. Đà Nẵng 
260 |c 1996 
650 |a vietnam - history - 19th century 
980 |a Trung tâm Học liệu Trường Đại học Cần Thơ